| 000 | 00515nam a2200217Ia 4500 | ||
|---|---|---|---|
| 008 | 101110s9999 xx 000 0 und d | ||
| 041 | _aENGLISH | ||
| 082 | _bSR29051 | ||
| 100 | _aJhingan M.L | ||
| 245 | _aModern Micro-Economics | ||
| 260 |
_c2006 _bVerinda Pub.(P) Ltd. Delhi |
||
| 300 | _a808 | ||
| 365 | _b175 | ||
| 520 | _aEconomics | ||
| 546 | _aENGLISH | ||
| 630 | _aModern Micro-Economics | ||
| 650 | _aEconomics | ||
| 655 | _aEconomics | ||
| 730 | _aModern Micro-Economics | ||
| 942 | _cBOOK | ||
| 999 |
_c821567 _d821564 |
||